[Slovenské lesy]
Z obsahu: Štátne lesy rozdávajú karty na drevo. Podnik má po kúre zoštíhlieť, zefektívnieť a konvertovať na akciovku - Lesy SR, š.p. Banská Bystrica. Lesy čaká inventúra. Drevospracovatelia bojujú o surovinu a miesto na trhu. Biomasa začína ohrozovať drevospracovateľov.
Salvato in:
| Autore principale: | |
|---|---|
| Altri autori: | |
| Natura: | Capitolo di libro |
| Lingua: | slovacco |
| Soggetti: | |
| Tags: |
Nessun Tag, puoi essere il primo ad aggiungerne!!
|
MARC
| LEADER | 00000naa$a2200000$$$4500 | ||
|---|---|---|---|
| 001 | 0011799 | ||
| 005 | 20231009075023.7 | ||
| 041 | 0 | |a slo | |
| 044 | |a SK | ||
| 245 | 1 | 0 | |a [Slovenské lesy] |c aut. Gabriel Beer, Branislav Sobinkovič |
| 520 | |a Z obsahu: Štátne lesy rozdávajú karty na drevo. Podnik má po kúre zoštíhlieť, zefektívnieť a konvertovať na akciovku - Lesy SR, š.p. Banská Bystrica. Lesy čaká inventúra. Drevospracovatelia bojujú o surovinu a miesto na trhu. Biomasa začína ohrozovať drevospracovateľov. | ||
| 610 | 2 | 0 | |a lesy |
| 610 | 2 | 0 | |a vlastníctvo štátne |
| 610 | 2 | 0 | |a transformácia |
| 610 | 2 | 0 | |a drevo |
| 610 | 2 | 0 | |a spoločnosti akciové |
| 610 | 2 | 0 | |a trh |
| 610 | 2 | 0 | |a bioprodukty |
| 100 | 1 | |a Beer, Gabriel | |
| 700 | 1 | |a Sobinkovič, Branislav | |